[Event "Stuttgart-chB int"]
[Site "Ditzingen"]
[Date "2006.05.27"]
[Round "5"]
[White "Renz, Jens Uwe"]
[Black "Pottgiesser, Ulrich"]
[Result "1-0"]
[WhiteElo "1763"]
[BlackElo "1614"]
[PlyCount "99"]
[EventDate "2006.05.25"]
[EventType "swiss"]
[EventRounds "7"]
[EventCountry "GER"]
[SourceTitle "EXT 2018"]
[Source "ChessBase"]
[SourceDate "2017.10.13"]
[SourceVersion "1"]
[SourceVersionDate "2017.10.13"]
[SourceQuality "1"]

1. e4 d5 2. e5 e6 3. f4 c5 4. Nf3 Nc6 5. Be2 Nge7 6. 0-0 g6 7. b3 Bg7 8. Kh1 0-0 9. Bb2 d4 10. a4 b6 11. Na3 Bb7 12. Nc4 Ba6 13. Ng5 Nf5 14. g4 Nh4 15. Nd6 Bxe2 16. Qxe2 Nxe5 17. Nde4 h6 18. Nh3 Nc6 19. d3 f5 20. Nd2 Qd5+ 21. Kg1 Rae8 22. g5 hxg5 23. Nxg5 Bh6 24. Qf2 Bxg5 25. fxg5 Kg7 26. Qxh4 Rh8 27. Qg3 Rh5 28. h4 e5 29. Rae1 Reh8 30. Nf3 f4 31. Qg4 Re8 32. Re2 e4 33. dxe4 Rxe4 34. Rxe4 Qxe4 35. Qd7+ Qe7 36. Qxc6 Qe3+ 37. Kg2 Rxh4 38. Qd7+ Kf8 39. Qd6+ Kg7 40. Qe5+ Kg8 41. Qxe3 Rg4+ 42. Kh3 Rg3+ 43. Kh2 dxe3 44. Bc3 Kf7 45. Ne5+ Ke6 46. Rxf4 Rxg5 47. Nf3 Rh5+ 48. Rh4 Rf5 49. Re4+ Kd5 50. Rxe3 1-0

[Event "Stuttgart-chB int"]
[Site "Ditzingen"]
[Date "2005.05.07"]
[Round "5"]
[White "Braun, Joachim"]
[Black "Renz, Jens Uwe"]
[Result "1-0"]
[WhiteElo "1794"]
[BlackElo "1754"]
[PlyCount "99"]
[EventDate "2005.05.05"]
[EventType "swiss"]
[EventRounds "7"]
[EventCountry "GER"]
[SourceTitle "EXT 2018"]
[Source "ChessBase"]
[SourceDate "2017.10.13"]
[SourceVersion "1"]
[SourceVersionDate "2017.10.13"]
[SourceQuality "1"]

1. e4 e5 2. Nf3 Nc6 3. Bc4 Bc5 4. b4 Bxb4 5. c3 Be7 6. d4 exd4 7. Qb3 dxc3 8. Bxf7+ Kf8 9. Nxc3 Bf6 10. Ba3+ d6 11. Bd5 Na5 12. Qc2 Ne7 13. e5 Bf5 14. Qa4 dxe5 15. Qxa5 c6 16. Qxd8+ Rxd8 17. Be4 g6 18. 0-0 Kf7 19. Rfd1 Bg4 20. Rab1 Bc8 21. Bd6 Ke6 22. Bc7 Rxd1+ 23. Rxd1 Nf5 24. Ne2 Re8 25. g4 Nh4 26. Rd6+ Ke7 27. Rxf6 Kxf6 28. g5+ Ke7 29. Nxh4 Kd7 30. Ba5 b6 31. Bc3 Ba6 32. Nc1 Bc4 33. Nf3 Kd6 34. Bxe5+ Rxe5 35. Nxe5 Kxe5 36. Bxc6 Kf5 37. Kg2 Kxg5 38. Kg3 b5 39. Be4 a5 40. Bd3 Bxd3 41. Nxd3 b4 42. Nc5 h5 43. Nb3 a4 44. Nc5 b3 45. Nxb3 axb3 46. axb3 Kf5 47. b4 g5 48. h4 g4 49. b5 Ke6 50. Kf4 1-0

[Event "Stuttgart-chB int"]
[Site "Ditzingen"]
[Date "2005.05.06"]
[Round "3"]
[White "Kulinski, Patrick"]
[Black "Renz, Jens Uwe"]
[Result "1/2-1/2"]
[WhiteElo "1523"]
[BlackElo "1754"]
[PlyCount "84"]
[EventDate "2005.05.05"]
[EventType "swiss"]
[EventRounds "7"]
[EventCountry "GER"]
[SourceTitle "EXT 2018"]
[Source "ChessBase"]
[SourceDate "2017.10.13"]
[SourceVersion "1"]
[SourceVersionDate "2017.10.13"]
[SourceQuality "1"]

1. d4 d5 2. c4 Bf5 3. Bg5 h6 4. Bh4 g5 5. Bg3 Bg7 6. e3 e6 7. Nc3 c6 8. c5 Nf6 9. Bd3 Ne4 10. Bxe4 Bxe4 11. Nxe4 dxe4 12. Qg4 Qa5+ 13. Kd1 Qb5 14. Qe2 Na6 15. Qxb5 cxb5 16. a3 b4 17. Ne2 Nxc5 18. dxc5 Bxb2 19. Ra2 Rd8+ 20. Kc2 bxa3 21. Nc3 f5 22. Nb5 e5 23. Nd6+ Rxd6 24. cxd6 f4 25. exf4 exf4 26. Bxf4 gxf4 27. Re1 Kd7 28. Rxe4 Rg8 29. g3 fxg3 30. fxg3 Re8 31. Rh4 Re6 32. Rxb2 axb2 33. Kxb2 Rxd6 34. Kc3 a5 35. Kc4 Ra6 36. Kb5 a4 37. Rxa4 Rxa4 38. Kxa4 Ke6 39. g4 Ke5 40. h4 Kf4 41. g5 hxg5 42. hxg5 Kxg5 1/2-1/2

[Event "Stuttgart-chB int"]
[Site "Ditzingen"]
[Date "2005.05.05"]
[Round "1"]
[White "Schmidt, Armin1111"]
[Black "Renz, Jens Uwe"]
[Result "0-1"]
[WhiteElo "1402"]
[BlackElo "1754"]
[PlyCount "118"]
[EventDate "2005.05.05"]
[EventType "swiss"]
[EventRounds "7"]
[EventCountry "GER"]
[SourceTitle "EXT 2018"]
[Source "ChessBase"]
[SourceDate "2017.10.13"]
[SourceVersion "1"]
[SourceVersionDate "2017.10.13"]
[SourceQuality "1"]

1. d4 d5 2. Nf3 Bf5 3. e3 Nf6 4. Nbd2 e6 5. Nh4 Bg6 6. Nxg6 hxg6 7. Bd3 Bd6 8. h3 Nbd7 9. 0-0 Qe7 10. e4 dxe4 11. Nxe4 Nxe4 12. Bxe4 0-0-0 13. c3 f5 14. Bf3 g5 15. Re1 Rh6 16. Qb3 Nb6 17. c4 Bb4 18. Rd1 c5 19. a3 Be1 20. Rxe1 Rxd4 21. Qe3 f4 22. Qb3 e5 23. Rd1 Rhd6 24. Rxd4 Rxd4 25. Qc2 e4 26. Bg4+ Kc7 27. b3 e3 28. fxe3 fxe3 29. Qe2 Qf6 30. Bf3 Rd7 31. Bxe3 Qxa1+ 32. Kh2 Qe5+ 33. g3 Re7 34. Bf4 gxf4 35. Qxe5+ Rxe5 36. gxf4 Re3 37. Bg4 Rxb3 38. Be6 Kd6 39. f5 Rxa3 40. h4 Ke5 41. h5 Rc3 42. Kg2 Nxc4 43. f6 Kxf6 44. Bd7 Kg5 45. Be8 Ne5 46. Kf2 Kf4 47. Ke2 Nc4 48. Bf7 b5 49. Be8 b4 50. Bb5 Nb2 51. Kd2 a5 52. Bc6 a4 53. Be8 a3 54. Bf7 c4 55. Bg6 a2 56. h6 gxh6 57. Bh5 a1Q 58. Bg4 Qc1+ 59. Ke2 Rc2# 0-1